000 00595nam a2200205 i 4500
001 55841
003 ES-MaACL
005 20250805063242.0
007 t|
008 030929s1975 sp ||||1| spa d
100 1 _aDíaz, Carlos,
_d1944-
_944113
245 1 0 _aPor y contra Stirner /
_cCarlos Díaz.
260 _a[Bilbao :
_bZero,
_c1975]
300 _a111 p. ;
_c20 cm.
490 1 _aBiblioteca promoción del pueblo
600 0 4 _aStirner, Max.
_9108237
830 0 _aBiblioteca promoción del pueblo
_9180624
852 _aES-MaACL
_jE-7121
_bR.91557
999 _c55841
_d55841